El culo de Antanas: (Registro nro. 15465)

000 -CABECERA
campo de control de longitud fija 01467nam a22002657a 4500
003 - IDENTIFICADOR DEL NÚMERO DE CONTROL
campo de control OSt
005 - FECHA Y HORA DE LA ÚLTIMA TRANSACCIÓN
campo de control 20240425184220.0
008 - DATOS DE LONGITUD FIJA--INFORMACIÓN GENERAL
campo de control de longitud fija 240425b ||||| |||| 00| 0 spa d
020 ## - NÚMERO INTERNACIONAL ESTÁNDAR DEL LIBRO
Número Internacional Estándar del Libro 9789584274496
040 ## - FUENTE DE LA CATALOGACIÓN
Centro/agencia transcriptor CO-Mq BPB
082 ## - NÚMERO DE LA CLASIFICACIÓN DECIMAL DEWEY
Número de clasificación 070.44
Número de documento/Ítem B17c
100 ## - ENTRADA PRINCIPAL--NOMBRE DE PERSONA
Nombre de persona Barreras, Roy
Fechas asociadas al nombre 1963
Término indicativo de función/relación autor
245 ## - MENCIÓN DE TÍTULO
Título El culo de Antanas:
Resto del título diatriba para todos
250 ## - MENCIÓN DE EDICIÓN
Mención de edición 1a. ed.
264 ## - PRODUCCIÓN, PUBLICACIÓN, DISTRIBUCIÓN, FABRICACIÓN Y COPYRIGHT
Producción, publicación, distribución, fabricación y copyright Bogotá:
Nombre del de productor, editor, distribuidor, fabricante Planeta
Fecha de producción, publicación, distribución, fabricación o copyright 2018
300 ## - DESCRIPCIÓN FÍSICA
Extensión 161 páginas
Otras características físicas tapa rustica, ilustraciones a blanco y negro
Dimensiones 23 cm
521 ## - NOTA DE PÚBLICO DESTINATARIO
Nota de público destinatario Este es un libro paradójico: uno de los senadores más conocidos de Colombia le canta la tabla a sus colegas y a sí mismo reclamando un poco de ética para un país que no ha sido capaz de darle la cara a la corrupción. En tiempos de ensayos indignados, Roy Barreras se viste de panfletario para remover los cimientos de una clase política adocenada, complaciente y viciada. "Lo más limpio de la política en Colombia es el culo de Antanas", se lee en la primera línea de un ensayo histórico que nos pone frente a un espejo en el que la clase dirigente se ve deforme. Escrito con humor y rigor, se trata sin duda de un arriesgado libro que no dejará a nadie inmune.
521 ## - NOTA DE PÚBLICO DESTINATARIO
Nota de público destinatario Recomendado para público adulto
650 ## - PUNTO DE ACCESO ADICIONAL DE MATERIA--TÉRMINO DE MATERIA
Término de materia o nombre geográfico como elemento de entrada Corrupción política
Subdivisión general Colombia
650 ## - PUNTO DE ACCESO ADICIONAL DE MATERIA--TÉRMINO DE MATERIA
Término de materia o nombre geográfico como elemento de entrada Anécdotas
Subdivisión general Chistes, sátiras
650 ## - PUNTO DE ACCESO ADICIONAL DE MATERIA--TÉRMINO DE MATERIA
Término de materia o nombre geográfico como elemento de entrada Conferencias
700 ## - PUNTO DE ACCESO ADICIONAL--NOMBRE DE PERSONA
Nombre de persona Samper Ospina, Daniel
Fechas asociadas al nombre 1974
Término indicativo de función/relación prólogo
700 ## - PUNTO DE ACCESO ADICIONAL--NOMBRE DE PERSONA
Nombre de persona Vladdo
Fechas asociadas al nombre 1953
Término indicativo de función/relación ilustrador
942 ## - ELEMENTOS DE PUNTO DE ACCESO ADICIONAL (KOHA)
Fuente del sistema de clasificación o colocación
Tipo de ítem Koha Libro
Existencias
Estado de retiro Estado de pérdida Fuente del sistema de clasificación o colocación Estado dañado No para préstamo Código de colección Localización permanente Ubicación/localización actual Ubicación en estantería Fecha de adquisición Fuente de adquisición Número de inventario Total de préstamos Signatura topográfica completa Código de barras Fecha visto por última vez Fecha del último préstamo Número de copia Precio válido a partir de Tipo de ítem Koha Nota pública
          Colección General Biblioteca Pública San Juan Bosco Biblioteca Pública San Juan Bosco Colección General 25/04/2024 Dotación PNL 2023 NT 1 070.44 B17c MOS503609 08/06/2024 24/05/2024 Ej.1 25/04/2024 Libro Ocho dias

© Todos los derechos reservados para la Biblioteca Pública Municipal San Juan Bosco, 2020
Secretaria de Cultura de Mosquera
Carrera 3 N° 10 Esquina Centro Cultural Barrio El Carmén Teléfono: 8270830 Ext: 34
Funcionando con KOHA
Contacto: Biblioteca Pública Municipal San Juan Bosco/ bibliotecasanjuanbosco@mosquera-cundinamarca.gov.co
Mosquera, Cundinamarca